| 000 | 00626nam a22002057a 4500 | ||
|---|---|---|---|
| 999 |
_c12213 _d12213 |
||
| 003 | AR-CdUCM | ||
| 008 | 190408b ||||| |||| 00| 0 spa d | ||
| 040 |
_aMUNICIPALIDAD PROVINCIAL DEL CUSCO _cBIBLIOTECA MUNICIPAL DEL CUSCO |
||
| 082 |
_aC / 869.56 / _bAS83 |
||
| 100 |
_aAstete Abrill, M. Antonio _929959 |
||
| 245 | _aPinceladas biográficas / | ||
| 260 |
_aCusco : _bH. G. Rozas, _c1964. |
||
| 300 |
_a78 páginas ; _c24 cm. |
||
| 505 | _aContenido: Poesía. | ||
| 650 |
_aSiglo XX _98 |
||
| 650 |
_aPoesía Cusqueña _92323 |
||
| 650 |
_aLiteratura Peruana _9132 |
||
| 942 |
_2ddc _cLIBROS |
||
| 945 |
_aachl _d2019-04-08 |
||